000
00335nam a2200145Ia 4500
008
150201s1983 xx 000 0 und d
082
_a
610.7362
_b
C83L
100
_a
LEWER , HELEN
245
_a
CARE OF THE CHILD
250
_a
1ST
260
_b
OROENT LOGMAN
_a
DELHI
_c
1983
300
_a
195
650
_a
PEDIATRICS
942
_2
ddc
_c
BK
999
_c
1875
_d
1875